|
|
|
|
| LEADER |
00000cam a22000004a 4500 |
| 001 |
musev2_9897 |
| 003 |
MdBmJHUP |
| 005 |
20230905041127.0 |
| 006 |
m o d |
| 007 |
cr||||||||nn|n |
| 008 |
000119s2000 msu o 00 0 eng d |
| 010 |
|
|
|z 00024662
|
| 020 |
|
|
|a 9781604731347
|
| 020 |
|
|
|z 1604731346
|
| 020 |
|
|
|z 9781578062744
|
| 020 |
|
|
|z 1578062748
|
| 035 |
|
|
|a (OCoLC)826512682
|
| 040 |
|
|
|a MdBmJHUP
|c MdBmJHUP
|
| 043 |
|
|
|a e-gx---
|a e-ge---
|
| 050 |
0 |
4 |
|a D811.5
|b .S2478 2000
|
| 082 |
0 |
|
|a 940.53/161
|2 21
|
| 100 |
1 |
|
|a Samuel, Wolfgang W. E.
|
| 245 |
1 |
0 |
|a German Boy :
|b A Refugeeâ??s Story /
|c Wolfgang W.E. Samuel ; with a foreword by Stephen E. Ambrose.
|
| 264 |
|
1 |
|a Jackson :
|b University Press of Mississippi,
|c 2000.
|
| 264 |
|
3 |
|a Baltimore, Md. :
|b Project MUSE,
|c 2012
|
| 264 |
|
4 |
|c ©2000.
|
| 300 |
|
|
|a 1 online resource:
|b ill. ;
|
| 336 |
|
|
|a text
|b txt
|2 rdacontent
|
| 337 |
|
|
|a computer
|b c
|2 rdamedia
|
| 338 |
|
|
|a online resource
|b cr
|2 rdacarrier
|
| 500 |
|
|
|a Continued by: Coming to Colorado.
|
| 588 |
|
|
|a Description based on print version record.
|
| 600 |
1 |
0 |
|a Samuel, Wolfgang W. E.
|x Childhood and youth.
|
| 650 |
|
0 |
|a World War, 1939-1945
|x Refugees.
|
| 650 |
|
0 |
|a World War, 1939-1945
|z Germany.
|
| 651 |
|
0 |
|a Germany (East)
|x Social conditions.
|
| 655 |
|
7 |
|a Electronic books.
|2 local
|
| 700 |
1 |
|
|a Samuel, Wolfgang. W. E.
|t Coming to Colorado.
|
| 710 |
2 |
|
|a Project Muse.
|e distributor
|
| 830 |
|
0 |
|a Book collections on Project MUSE.
|
| 856 |
4 |
0 |
|z Texto completo
|u https://projectmuse.uam.elogim.com/book/9897/
|
| 945 |
|
|
|a Project MUSE - Custom Collection
|
| 945 |
|
|
|a Project MUSE - Archive Complete Foundation
|
| 945 |
|
|
|a Project MUSE - Archive Poetry, Fiction and Creative Non-Fiction Foundation
|